[Event "Rochefort op 5th"]
[Site "Rochefort"]
[Date "2006.02.15"]
[Round "2"]
[White "Lecoultre, Patrick"]
[Black "Ruchaud, Jerome"]
[Result "1-0"]
[WhiteElo "1752"]
[BlackElo "2000"]
[PlyCount "47"]
[EventDate "2006.02.15"]
[EventType "swiss"]
[EventRounds "9"]
[EventCountry "FRA"]
[SourceTitle "EXT 2007"]
[Source "ChessBase"]
[SourceDate "2006.11.23"]
[SourceVersion "1"]
[SourceVersionDate "2006.11.23"]
[SourceQuality "1"]

1. d4 Nf6 2. Nf3 d5 3. c4 c6 4. e3 Bg4 5. h3 Bh5 6. cxd5 Nxd5 7. Be2 e6 8. 0-0 Bd6 9. Nc3 0-0 10. e4 Ne7 11. Qd3 h6 12. e5 Bc7 13. Rd1 Bg6 14. Qd2 Nd5 15. Nxd5 Qxd5 16. b3 a5 17. Bc4 Qd7 18. Nh2 Rd8 19. Bb2 Bxe5 20. Ng4 Bd6 21. d5 cxd5 22. Bxg7 Be5 23. Bxe5 dxc4 24. Nf6+ 1-0

[Event "Rochefort op 5th"]
[Site "Rochefort"]
[Date "2006.02.15"]
[Round "1"]
[White "Ruchaud, Jerome"]
[Black "Lagunes, Jean Renaud"]
[Result "0-1"]
[WhiteElo "2000"]
[BlackElo "2157"]
[PlyCount "72"]
[EventDate "2006.02.15"]
[EventType "swiss"]
[EventRounds "9"]
[EventCountry "FRA"]
[SourceTitle "EXT 2007"]
[Source "ChessBase"]
[SourceDate "2006.11.23"]
[SourceVersion "1"]
[SourceVersionDate "2006.11.23"]
[SourceQuality "1"]

1. d4 d5 2. Nf3 Nc6 3. c4 Bg4 4. cxd5 Bxf3 5. dxc6 Bxc6 6. Nc3 e6 7. e4 Bb4 8. f3 Qh4+ 9. g3 Qh5 10. Bg2 0-0-0 11. 0-0 Rxd4 12. Qb3 Bc5 13. Kh1 Rd7 14. Re1 Bf2 15. g4 Qh4 16. Re2 Ne7 17. Be3 Bxe3 18. Rxe3 h5 19. h3 hxg4 20. fxg4 Qxg4 21. Nb5 Bxb5 22. Qxb5 Rd1+ 23. Rxd1 Qxd1+ 24. Kh2 Qd6+ 25. Kh1 Qb6 26. Qe2 Ng6 27. Rb3 Qc5 28. Qf1 Ne5 29. Qf4 Rd8 30. Rc3 Rd1+ 31. Bf1 Qd6 32. Qf2 a6 33. Rc2 Qd3 34. Kg2 Rxf1 35. Rxc7+ Kxc7 36. Qc5+ Nc6 0-1

[Event "Niort op-B"]
[Site "Niort"]
[Date "2002.09.29"]
[Round "4"]
[White "Aubin, Alex"]
[Black "Ruchaud, Jerome"]
[Result "1-0"]
[WhiteElo "1760"]
[BlackElo "1680"]
[PlyCount "125"]
[EventDate "2002.09.28"]
[EventType "swiss"]
[EventRounds "6"]
[EventCountry "FRA"]
[SourceTitle "EXT 2004"]
[Source "ChessBase"]
[SourceDate "2003.11.25"]
[SourceVersion "1"]
[SourceVersionDate "2003.11.25"]
[SourceQuality "1"]

1. e4 e6 2. d4 c5 3. Nf3 Nc6 4. c3 Nf6 5. Bd3 Qb6 6. Bc2 Be7 7. 0-0 0-0 8. a3 Rd8 9. Re1 h6 10. h3 Na5 11. Nbd2 Ne8 12. b4 cxb4 13. cxb4 Nc6 14. Nb3 d5 15. e5 a5 16. Qd3 g6 17. b5 Na7 18. a4 Kh7 19. Qe3 Bf8 20. Bd2 Qc7 21. Rac1 Kg8 22. Bxg6 Qe7 23. Bb1 Ng7 24. Qxh6 Nf5 25. Qg5+ Qxg5 26. Bxg5 Re8 27. Rc7 Bb4 28. Rd1 b6 29. h4 Kg7 30. Bxf5 exf5 31. Bf6+ Kg6 32. Nbd2 Be6 33. Nf1 Nc8 34. Ng3 Be7 35. Bxe7 Rxe7 36. Rdc1 Rxc7 37. Rxc7 Ra7 38. Rxa7 Nxa7 39. Kf1 Nc8 40. Ng5 Ne7 41. Ke2 f4 42. Nf1 Nf5 43. Nf3 Kh5 44. g3 fxg3 45. fxg3 Nh6 46. Ne3 Bg4 47. Nxd5 Nf5 48. Nf6+ Kg6 49. Nxg4 Nxg3+ 50. Ke3 Nf5+ 51. Kf4 Ng7 52. d5 Ne8 53. d6 f5 54. Ne3 Ng7 55. Nd4 Kf7 56. Nexf5 Nh5+ 57. Kg5 Ng3 58. Nxg3 Kg7 59. d7 Kf7 60. d8Q Kg7 61. Ngf5+ Kh7 62. Qe7+ Kg8 63. Qg7# 1-0